Culture générale facile #1 - Statistiques

Statistiques générales
  • Ce quiz a été pris 1 013 fois
    932 depuis la dernière actualisation
  • Le résultat moyen est 13 sur 20
Statistiques - réponses
Question Réponse % Correct
Qui a été le premier président afro-américain des États-Unis ? Barack Obama
91%
Quelle est la plus haute montagne du monde ? Everest
88%
Quelle est la capitale de la Grèce ? Athènes
87%
Quel est le pays le plus au sud de l'Afrique ? Afrique du Sud
83%
Quel explorateur européen a découvert le Nouveau Monde en 1492 ? Christophe Colomb
81%
Quelle est la devise monétaire de la France ? L'Euro
81%
Quelle planète du système solaire est la plus proche du soleil ? Mercure
81%
Qu’ont les vertébrés que les invertébrés n’ont pas ? Colonne vertébrale
80%
Dans quel océan se trouve le Sri Lanka ? Océan Indien
77%
Quel est le sport le plus populaire au Canada ? Hockey sur glace
76%
Quelle est la région française la plus peuplée L'Île-de-France
76%
Quelle reine du Royaume-Uni a commencé son règne en 1952 ? Élisabeth II
68%
Dans la Bible, qui a délivré les dix commandements de Dieu au peuple d’Israël ? Moïse
56%
Qui est le premier ministre anglais pendant la majorité de la Seconde guerre mondiale ? Winston Churchill
53%
Que ce qui donne la couleur rose des flamants roses ? Les crevettes
48%
Quel est le premier élément du tableau périodique ? Hydrogène
44%
Quel est le film réalisé par Mathieu Kassovitz qui est sortie en 1995 La Haine
29%
Quelle série TV sortie en 1992 est inspiré d'une célèbre bande dessinée Les Aventures de Tintin
23%
Quel est le groupe de musique créé en 1993 par Thomas Bangalter et Guy-Manuel de Homem-Christo Daft Punk
22%
Quel film de sortie en 1980 est la suite de "Star Wars" ? L'Empire contre-attaque
18%
Aucun quiz correspondant
Distribution des résultats
% des personnes avec chaque résultat
Percentile par nombre de réponses
Votre historique - résultats
Vous n’avez pas pris ce quiz depuis la dernière actualisation